El espacio de Mijail Bajtín, filosofia del lenguaje, filosofía de la novela /

保存先:
書誌詳細
第一著者: Bubnova, Tatiana
フォーマット: 図書
言語:Spanish
出版事項: México: El Colegio de México, 1980.
オンライン・アクセス:http://www.jstor.org/stable/pdf/40298350.pdf?acceptTC=true
タグ: タグ追加
タグなし, このレコードへの初めてのタグを付けませんか!

MARC

LEADER 00000nam a22000007a 4500
008 150701b1980 mx ||||| |||| 00| b spa d
100 1 |a Bubnova, Tatiana 
245 1 3 |a El espacio de Mijail Bajtín, filosofia del lenguaje, filosofía de la novela /  |c Bubnova, Tatiana 
260 |a México:  |b El Colegio de México,  |c 1980. 
300 |a 87-114 páginas 
773 1 |g Tomo 29, número 1 (1980),   |q páginas 87-114  |t Nueva Revista de Filología Hispánica 
856 3 0 |u http://www.jstor.org/stable/pdf/40298350.pdf?acceptTC=true 
942 |2 ddc  |c ARC 
999 |c 4342  |d 4342